[Event "London Classic Open 2016"]
[Site "London ENG"]
[Date "2016.12.09"]
[Round "1.1"]
[White "Safarli, Eltaj"]
[Black "Peiris, T G M"]
[Result "1-0"]
[WhiteTitle "GM"]
[WhiteElo "2691"]
[BlackElo "2134"]
[WhiteFideId "13402129"]
[BlackFideId "9901310"]
[EventDate "2016.12.09"]

1. e4 c5 2. Nf3 Nc6 3. Bb5 g6 4. c3 Bg7 5. d4 cxd4 6. cxd4 Nf6 7. Nc3 O-O 8. d5
a6 9. Be2 Nb8 10. e5 Ng4 11. Bf4 d6 12. exd6 exd6 13. O-O Ne5 14. Nxe5 dxe5 15.
Be3 b6 16. d6 Be6 17. Nd5 Bxd5 18. Qxd5 Nd7 19. Rac1 b5 20. Rc7 Nf6 21. Qc6 Re8
22. d7 1-0

[Event "London Classic Open 2016"]
[Site "London ENG"]
[Date "2016.12.09"]
[Round "1.2"]
[White "Ethelontis, Alexandros N"]
[Black "Bacrot, Etienne"]
[Result "0-1"]
[BlackTitle "GM"]
[WhiteElo "2133"]
[BlackElo "2689"]
[WhiteFideId "405469"]
[BlackFideId "605506"]
[EventDate "2016.12.09"]

1. c4 Nf6 2. g3 c6 3. Nf3 d5 4. Bg2 dxc4 5. O-O Nbd7 6. Qc2 Nb6 7. a4 a5 8. Na3
g6 9. Nxc4 Nxc4 10. Qxc4 Bg7 11. d3 Be6 12. Qc2 O-O 13. Bd2 Nd5 14. Ng5 Bc8 15.
Rab1 Nb4 16. Qc4 e5 17. Qh4 h6 18. Ne4 Qxh4 19. gxh4 Rd8 20. Rfc1 Rb8 21. Be3 b6
22. Nd2 c5 23. Nc4 Nd5 24. Bd2 Bg4 25. Bxd5 Rxd5 26. Ne3 Rd4 27. f3 Be6 28. b3
Rxh4 29. Nc4 Rd4 30. Bc3 Rd5 31. Kf2 f6 32. Rg1 Kf7 33. Ne3 Rd6 34. Nc4 Rc6 35.
Rg2 Rg8 36. Rbg1 Bf8 37. Bd2 h5 38. h4 Be7 39. Rh1 Bd8 40. Bc3 Ke7 41. Ke1 Bf7
42. Kd2 Re6 43. Kc2 Kd7 44. Rf1 Bc7 45. Nd2 Rb8 46. Ne4 Ke7 47. Ra1 Rc6 48. Nd2
Rd6 49. Nc4 Rdd8 50. Rgg1 Ke6 51. Na3 Rg8 52. Bd2 Be8 53. Rg2 Bd8 54. Rag1 Rg7
55. Nc4 Rd7 56. Bc3 Bf7 57. Ra1 Be7 58. Rag1 Bf8 59. Ra1 Bh6 60. Rag1 Ke7 61.
Be1 Rdb7 62. Bc3 Rg8 63. Bb2 Be8 64. Bc3 Kd7 65. Na3 Kc6 66. Nc4 Rbg7 67. Bb2 g5
68. Bc1 gxh4 69. Rxg7 Rxg7 70. Rh1 Bg5 71. Bxg5 fxg5 72. Nxe5+ Kd6 73. Nc4+ Kc7
74. Kd2 Bd7 75. Ne3 Be6 76. Kc3 Rf7 77. Rg1 g4 78. Rh1 h3 79. fxg4 hxg4 80. Nf1
Rxf1 81. Rxf1 g3 0-1

[Event "London Classic Open 2016"]
[Site "London ENG"]
[Date "2016.12.09"]
[Round "1.3"]
[White "Fressinet, Laurent"]
[Black "Coote, Trevor D"]
[Result "1-0"]
[WhiteTitle "GM"]
[WhiteElo "2672"]
[BlackElo "2132"]
[WhiteFideId "608742"]
[BlackFideId "410039"]
[EventDate "2016.12.09"]

1. e4 e6 2. d4 d5 3. Nd2 dxe4 4. Nxe4 Nf6 5. Nxf6+ Qxf6 6. Nf3 h6 7. Bd3 c5 8.
Be3 Nc6 9. O-O cxd4 10. Nxd4 Bd7 11. Nb5 O-O-O 12. a4 Kb8 13. Be4 Be8 14. Qg4 a6
15. Qg3+ e5 16. Bb6 axb5 17. Bxc6 Bxc6 18. Bxd8 Qxd8 19. axb5 Be8 20. Qxe5+ Bd6
21. Rfd1 Bxe5 22. Rxd8+ Kc7 23. Raa8 Bxb2 24. Rxe8 Rxe8 25. Rxe8 f5 26. Kf1 Kb6
27. Re7 1-0

[Event "London Classic Open 2016"]
[Site "London ENG"]
[Date "2016.12.09"]
[Round "1.4"]
[White "Peters, Stephen G"]
[Black "Smirin, Ilia"]
[Result "0-1"]
[BlackTitle "GM"]
[WhiteElo "2128"]
[BlackElo "2669"]
[WhiteFideId "406040"]
[BlackFideId "2801990"]
[EventDate "2016.12.09"]

1. d4 Nf6 2. c4 g6 3. Nc3 Bg7 4. e4 d6 5. Nf3 O-O 6. Be2 Nbd7 7. O-O e5 8. Be3
Re8 9. dxe5 dxe5 10. Ne1 c6 11. Nc2 Qc7 12. Qd2 Nf8 13. f3 Ne6 14. Rfd1 Rd8 15.
Qe1 Nd4 16. Nxd4 exd4 17. Rxd4 Rxd4 18. Bxd4 Ng4 19. Qd2 Qxh2+ 20. Kf1 Bh6 21.
Bg1 Bxd2 22. Bxh2 Nxh2+ 23. Kg1 Bf4 0-1

[Event "London Classic Open 2016"]
[Site "London ENG"]
[Date "2016.12.09"]
[Round "1.5"]
[White "Iturrizaga Bonelli, Eduardo"]
[Black "Horak, Martin"]
[Result "1-0"]
[WhiteTitle "GM"]
[WhiteElo "2652"]
[BlackElo "2126"]
[WhiteFideId "3901211"]
[BlackFideId "367095"]
[EventDate "2016.12.09"]

1. Nf3 d5 2. c4 d4 3. b4 f6 4. e3 dxe3 5. fxe3 Bg4 6. Nc3 e5 7. a3 a5 8. b5 Bc5
9. h3 Bh5 10. Be2 c6 11. O-O Ne7 12. Ne4 Qb6 13. d4 Bxf3 14. dxc5 Bxe2 15. Qxe2
Qc7 16. b6 Qd8 17. Rd1 Nd7 18. Qg4 Ng6 19. Nd6+ Ke7 20. Nxb7 Qc8 21. Nd6 Qd8 22.
Nf5+ Kf7 23. Nxg7 1-0

[Event "London Classic Open 2016"]
[Site "London ENG"]
[Date "2016.12.09"]
[Round "1.6"]
[White "Klingher, Dominic"]
[Black "Gupta, Abhijeet"]
[Result "0-1"]
[BlackTitle "GM"]
[WhiteElo "2126"]
[BlackElo "2634"]
[WhiteFideId "428850"]
[BlackFideId "5010608"]
[EventDate "2016.12.09"]

1. e4 c5 2. Nf3 d6 3. d3 Nc6 4. Nbd2 g6 5. Be2 Bg7 6. O-O e5 7. c3 Nge7 8. Qc2
O-O 9. Re1 h6 10. b3 d5 11. exd5 Nxd5 12. Bb2 Re8 13. Rad1 b6 14. Nc4 Nf4 15.
Bf1 Bg4 16. Ncd2 Qc7 17. h3 Bf5 18. Ne4 Rad8 19. Ng3 Bc8 20. d4 exd4 21. Rxe8+
Rxe8 22. cxd4 Rd8 23. Qe4 Bb7 24. Bc1 Nxh3+ 25. gxh3 Nxd4 26. Nxd4 Bxe4 27. Nb5
Qxg3+ 0-1

[Event "London Classic Open 2016"]
[Site "London ENG"]
[Date "2016.12.09"]
[Round "1.7"]
[White "Melkumyan, Hrant"]
[Black "Suder, Ryszard"]
[Result "1-0"]
[WhiteTitle "GM"]
[WhiteElo "2633"]
[BlackElo "2123"]
[WhiteFideId "13302485"]
[BlackFideId "1102699"]
[EventDate "2016.12.09"]

1. e4 d6 2. d4 Nf6 3. Bd3 e5 4. c3 d5 5. dxe5 Nxe4 6. Nf3 Nc5 7. Bc2 Bg4 8. O-O
Nc6 9. Nbd2 Be7 10. Re1 Qd7 11. b4 Ne6 12. Nb3 Bh5 13. Bf5 Bg6 14. Bh3 Qd8 15.
b5 Nb8 16. Nfd4 Nxd4 17. Nxd4 O-O 18. f4 Be4 19. f5 c5 20. f6 cxd4 21. fxe7 Qxe7
22. cxd4 f5 23. exf6 gxf6 24. Bf4 Nd7 25. Qg4+ 1-0

[Event "London Classic Open 2016"]
[Site "London ENG"]
[Date "2016.12.09"]
[Round "1.8"]
[White "Gollain, Marc"]
[Black "Hovhannisyan, Robert"]
[Result "0-1"]
[BlackTitle "GM"]
[WhiteElo "2122"]
[BlackElo "2630"]
[WhiteFideId "603546"]
[BlackFideId "13302507"]
[EventDate "2016.12.09"]

1. c4 e5 2. Nc3 Bb4 3. g3 Bxc3 4. bxc3 Nc6 5. Bg2 d6 6. d3 f5 7. Nf3 Nf6 8. O-O
O-O 9. Rb1 Qe8 10. Nd2 f4 11. Ne4 Qh5 12. e3 Ng4 13. h3 f3 14. hxg4 Bxg4 15. Bh1
Rae8 16. Nd2 Re6 17. Nxf3 Rh6 0-1

[Event "London Classic Open 2016"]
[Site "London ENG"]
[Date "2016.12.09"]
[Round "1.9"]
[White "Maze, Sebastien"]
[Black "Hrdina, Robin"]
[Result "1-0"]
[WhiteTitle "GM"]
[WhiteElo "2608"]
[BlackElo "2120"]
[WhiteFideId "613762"]
[BlackFideId "339342"]
[EventDate "2016.12.09"]

1. e4 c5 2. Nf3 e6 3. d4 cxd4 4. Nxd4 a6 5. c4 Nf6 6. Nc3 Qc7 7. Be2 b6 8. O-O
Bb7 9. Qd3 d6 10. f4 Nbd7 11. b4 Be7 12. Be3 O-O 13. Rac1 Rac8 14. a3 Qb8 15.
Bf3 Rfe8 16. g4 Nf8 17. g5 N6d7 18. h4 g6 19. Nb3 h5 20. Bg2 Qc7 21. Ne2 a5 22.
Nbd4 Ba6 23. Nb5 Bxb5 24. cxb5 Qa7 25. Nd4 Nb8 26. Nc6 Nxc6 27. bxc6 axb4 28.
axb4 Qc7 29. b5 Ra8 30. Ra1 Rxa1 31. Rxa1 d5 32. e5 Rb8 33. Bf1 Bc5 34. Kg2 Kg7
35. Ra4 Bxe3 36. Qxe3 Nd7 37. Qa3 Nc5 38. Ra7 Qc8 39. Be2 Kg8 40. c7 1-0

[Event "London Classic Open 2016"]
[Site "London ENG"]
[Date "2016.12.09"]
[Round "1.10"]
[White "Hebbes, Tim"]
[Black "Bok, Benjamin"]
[Result "1/2-1/2"]
[BlackTitle "GM"]
[WhiteElo "2113"]
[BlackElo "2598"]
[WhiteFideId "406570"]
[BlackFideId "1017063"]
[EventDate "2016.12.09"]

1. Nf3 c5 2. c4 Nc6 3. Nc3 Nf6 4. g3 d6 5. Bg2 g6 6. O-O Bg7 7. d3 O-O 8. Bg5 h6
9. Bd2 Ne8 10. Rb1 Rb8 11. a3 a5 12. Nb5 b6 13. Bc3 e5 14. e3 Nc7 15. Nxc7 Qxc7
16. Qd2 b5 17. cxb5 Rxb5 18. Rfc1 Bd7 19. d4 cxd4 20. exd4 e4 21. d5 exf3 22.
Bxg7 Kxg7 23. dxc6 fxg2 24. Qd4+ Kh7 25. cxd7 Qxd7 26. Kxg2 Rfb8 27. Rc2 R8b6
28. Rbc1 Qe6 29. Rc7 Rb7 1/2-1/2

[Event "London Classic Open 2016"]
[Site "London ENG"]
[Date "2016.12.09"]
[Round "1.11"]
[White "Cornette, Matthieu"]
[Black "Harari, Zaki"]
[Result "1-0"]
[WhiteTitle "GM"]
[WhiteElo "2597"]
[BlackElo "2102"]
[WhiteFideId "620084"]
[BlackFideId "2002639"]
[EventDate "2016.12.09"]

1. e4 e5 2. Nf3 Nc6 3. Bc4 Bc5 4. O-O Nf6 5. d3 d6 6. c3 a6 7. a4 O-O 8. Bg5 h6
9. Bh4 Bb6 10. Na3 Qe7 11. Re1 Bg4 12. h3 Bh5 13. g4 Bg6 14. Nc2 Nd8 15. d4 c6
16. a5 Bc7 17. d5 cxd5 18. exd5 Rc8 19. Bd3 Bb8 20. Nfd4 Ba7 21. Qf3 Rc5 22. c4
Bxd3 23. Qxd3 Qc7 24. Bxf6 exd4 25. Be7 Ne6 26. Bxf8 Nxf8 27. Nxd4 Rxc4 28. Nc6
Rxc6 29. dxc6 Qxc6 30. Rac1 Qd7 31. Qc4 d5 32. Qc7 Qa4 33. Qd8 Qf4 34. Qxf8+ Kh7
35. Qa3 Qxf2+ 36. Kh1 Bb8 37. Qd3+ 1-0

[Event "London Classic Open 2016"]
[Site "London ENG"]
[Date "2016.12.09"]
[Round "1.12"]
[White "Grassie, Duncan"]
[Black "Istratescu, Andrei"]
[Result "0-1"]
[BlackTitle "GM"]
[WhiteElo "2100"]
[BlackElo "2596"]
[WhiteFideId "411787"]
[BlackFideId "1200372"]
[EventDate "2016.12.09"]

1. d4 Nf6 2. Bg5 e6 3. Nd2 h6 4. Bh4 c5 5. e3 cxd4 6. exd4 Be7 7. c3 O-O 8. Bd3
b6 9. Ngf3 Bb7 10. Qe2 d6 11. O-O-O Nbd7 12. g4 Re8 13. Rhg1 Nd5 14. g5 g6 15.
Bxg6 Nf4 16. Bxf7+ Kxf7 17. Qe3 Ng6 18. Rde1 Ndf8 19. Ne4 Bxe4 20. Qxe4 h5 21.
Bg3 Bxg5+ 22. Nxg5+ Qxg5+ 23. f4 Qf5 24. Qb7+ Ne7 25. Bh4 Qd5 26. Qc7 Rac8 27.
Qxa7 Ra8 28. Qc7 Rxa2 29. Kb1 Qb3 30. Rg2 Qa4 31. Kc1 Ra1+ 32. Kd2 Rxe1 33. Bxe1
Qb3 34. Ke3 Ng6 35. Rg5 Qxb2 36. Rxh5 Qc1+ 37. Bd2 Qf1 38. Rh7+ Kg8 0-1

[Event "London Classic Open 2016"]
[Site "London ENG"]
[Date "2016.12.09"]
[Round "1.13"]
[White "Hawkins, Jonathan"]
[Black "Compton, Alistair"]
[Result "1-0"]
[WhiteTitle "GM"]
[WhiteElo "2590"]
[BlackElo "2099"]
[WhiteFideId "412686"]
[BlackFideId "4300645"]
[EventDate "2016.12.09"]

1. d4 d5 2. c4 dxc4 3. Nf3 Nf6 4. e3 Bg4 5. Bxc4 e6 6. h3 Bh5 7. Nc3 Nc6 8. Bb5
Bd6 9. e4 Nd7 10. Be3 O-O 11. Qd2 Nb6 12. g4 Bg6 13. h4 h5 14. Ng5 e5 15. d5 Nd4
16. Be2 hxg4 17. h5 Bh7 18. h6 Bg6 19. O-O-O Be7 20. hxg7 Kxg7 21. f4 Nxe2+ 22.
Qxe2 Bxg5 23. fxg5 Rh8 24. Rh6 Rxh6 25. gxh6+ Kh7 26. Qxg4 Nc4 27. Rf1 Qe7 28.
Bg5 Qb4 29. Rxf7+ Kg8 30. Rf2 Rf8 31. Qe6+ Bf7 32. Qf6 1-0

[Event "London Classic Open 2016"]
[Site "London ENG"]
[Date "2016.12.09"]
[Round "1.14"]
[White "Bhatia, Kanwal K"]
[Black "Lenderman, Aleksandr"]
[Result "0-1"]
[WhiteTitle "WFM"]
[BlackTitle "GM"]
[WhiteElo "2096"]
[BlackElo "2581"]
[WhiteFideId "407496"]
[BlackFideId "2021285"]
[EventDate "2016.12.09"]

1. e4 c5 2. c3 Nf6 3. e5 Nd5 4. d4 cxd4 5. Nf3 e6 6. cxd4 d6 7. Bc4 Be7 8. O-O
O-O 9. Qe2 Nc6 10. Qe4 Qc7 11. a3 dxe5 12. dxe5 Rd8 13. Re1 b5 14. Bxb5 Bb7 15.
Bg5 Bxg5 16. Nxg5 h6 17. Qh7+ Kf8 18. Nf3 Qb6 19. Bf1 Nf4 20. Nbd2 Nd4 21. Re3
Bxf3 22. Nxf3 Nf5 23. Ree1 Rac8 24. Rac1 Rxc1 25. Rxc1 Ng6 26. b4 Ke7 27. g4 Rh8
28. Qxh8 Nxh8 29. gxf5 exf5 30. Bd3 Ng6 31. Bxf5 Nf4 32. Rc5 g6 33. Be4 Qe6 34.
Rc7+ Kf8 35. Rxa7 Nh3+ 0-1

[Event "London Classic Open 2016"]
[Site "London ENG"]
[Date "2016.12.09"]
[Round "1.15"]
[White "Moussard, Jules"]
[Black "Stefanetti, Marco"]
[Result "1-0"]
[WhiteTitle "GM"]
[WhiteElo "2571"]
[BlackElo "2093"]
[WhiteFideId "642908"]
[BlackFideId "815179"]
[EventDate "2016.12.09"]

1. Nf3 Nf6 2. g3 b5 3. Bg2 Bb7 4. O-O e6 5. d3 Be7 6. e4 d6 7. Nfd2 O-O 8. e5
Bxg2 9. exf6 Bxf1 10. fxe7 Qxe7 11. Nxf1 c5 12. Nbd2 Nc6 13. Nf3 a5 14. a4 Rfb8
15. Ne3 bxa4 16. c3 Qb7 17. Rxa4 Qb3 18. Qxb3 Rxb3 19. Kf1 d5 20. Ke2 f6 21. Nd2
Rb7 22. f4 Rd8 23. Ra3 Kf7 24. Nc2 Rdb8 25. Kd1 Ke7 26. Ne3 Kd6 27. f5 Ra8 28.
fxe6 Kxe6 29. Nb3 Kd6 30. Nf5+ Ke5 31. Nxc5 Rb5 32. Nxg7 f5 33. Nge6 Re8 34.
Bf4+ Kf6 35. Nc7 1-0

[Event "London Classic Open 2016"]
[Site "London ENG"]
[Date "2016.12.09"]
[Round "1.16"]
[White "Mueller, Martin2"]
[Black "Blomqvist, Erik"]
[Result "0-1"]
[BlackTitle "GM"]
[WhiteElo "2088"]
[BlackElo "2567"]
[WhiteFideId "4649974"]
[BlackFideId "1709437"]
[EventDate "2016.12.09"]

1. d4 d5 2. c4 c6 3. Nc3 Nf6 4. Nf3 dxc4 5. a4 Bf5 6. Nh4 e6 7. Nxf5 exf5 8. Bg5
Nbd7 9. e3 Qa5 10. Bxf6 Nxf6 11. Bxc4 Bd6 12. Qb3 O-O 13. O-O Rab8 14. g3 g6 15.
Rfd1 a6 16. Qa2 Kg7 17. Qb3 h5 18. h4 Qc7 19. Kg2 Rfe8 20. Ne2 Re7 21. Nf4 Rbe8
22. Be2 Bxf4 23. gxf4 Nd5 24. Bc4 Nxe3+ 25. fxe3 Rxe3 26. Qc2 Qxf4 27. Ra3 Qf3+
28. Kg1 Re1+ 29. Kh2 Qh1+ 30. Kg3 Rxd1 0-1

[Event "London Classic Open 2016"]
[Site "London ENG"]
[Date "2016.12.09"]
[Round "1.17"]
[White "Aravindh, Chithambaram VR."]
[Black "Kuntner, Reinhard2"]
[Result "1-0"]
[WhiteTitle "GM"]
[WhiteElo "2566"]
[BlackElo "2086"]
[WhiteFideId "5072786"]
[BlackFideId "1630555"]
[EventDate "2016.12.09"]

1. e4 c5 2. Nf3 d6 3. d4 cxd4 4. Nxd4 Nf6 5. Nc3 a6 6. Nb3 Nc6 7. Be3 g6 8. Nd5
Nd7 9. Bd4 e5 10. Be3 h6 11. Qd2 Nc5 12. f3 Be6 13. Be2 Rc8 14. O-O Bxd5 15.
exd5 Nxb3 16. axb3 Ne7 17. f4 Nf5 18. Bd3 Nxe3 19. Qxe3 Bg7 20. f5 f6 21. fxg6
Rc5 22. b4 Rxd5 23. c3 Rxd3 24. Qxd3 Qb6+ 25. Kh1 Ke7 26. Qd5 Rf8 27. g4 1-0

[Event "London Classic Open 2016"]
[Site "London ENG"]
[Date "2016.12.09"]
[Round "1.18"]
[White "Sucikova, Svetlana"]
[Black "Bogner, Sebastian"]
[Result "0-1"]
[WhiteTitle "WFM"]
[BlackTitle "GM"]
[WhiteElo "2083"]
[BlackElo "2564"]
[WhiteFideId "14923653"]
[BlackFideId "4692055"]
[EventDate "2016.12.09"]

1. c4 Nf6 2. Nc3 g6 3. g3 Bg7 4. Bg2 O-O 5. d4 d6 6. Nf3 Nc6 7. O-O a6 8. Re1
Rb8 9. e4 Bg4 10. h3 Bxf3 11. Bxf3 e5 12. d5 Nd4 13. Bg2 c5 14. Ne2 Nd7 15. Nxd4
cxd4 16. Bf1 f5 17. exf5 gxf5 18. Qh5 e4 19. Bg5 Qb6 20. Rab1 Ne5 21. Rec1 Nf3+
22. Kg2 d3 23. Bf4 Ne5 24. Be3 Qd8 25. Kh1 b5 26. c5 dxc5 27. Rxc5 Nc4 28. Bh6
Rb7 29. b3 Qd6 30. Bxg7 Rxg7 31. b4 e3 32. Bxd3 exf2 33. g4 Nd2 34. Rd1 Qg3 35.
Be2 Nf3 0-1

[Event "London Classic Open 2016"]
[Site "London ENG"]
[Date "2016.12.09"]
[Round "1.19"]
[White "Shabalov, Alexander"]
[Black "Mitra, Roman C"]
[Result "1-0"]
[WhiteTitle "GM"]
[WhiteElo "2563"]
[BlackElo "2083"]
[WhiteFideId "2008572"]
[BlackFideId "419540"]
[EventDate "2016.12.09"]

1. e4 d5 2. exd5 Qxd5 3. Nc3 Qd8 4. Bc4 Nf6 5. Nf3 Bf5 6. d3 e6 7. Qe2 c6 8. h3
Be7 9. Bd2 b5 10. Bb3 Qb6 11. Be3 Qc7 12. Nd4 Bg6 13. Qf3 a6 14. a4 b4 15. Nce2
Nd5 16. Nf4 Nxf4 17. Bxf4 Bd6 18. Be3 Be5 19. h4 h5 20. Rd1 Qd6 21. Ne2 Bxb2 22.
d4 Bf5 23. Bf4 Qd7 24. Qg3 O-O 25. Bd6 Rd8 26. Be5 Bg6 27. Nf4 Qe8 28. Nxh5 Bc3+
29. Kf1 Bxd4 30. Rxd4 Rxd4 31. Bxd4 1-0

[Event "London Classic Open 2016"]
[Site "London ENG"]
[Date "2016.12.09"]
[Round "1.20"]
[White "Eizaguerri Floris, Maria"]
[Black "Svane, Rasmus"]
[Result "0-1"]
[WhiteTitle "WFM"]
[BlackTitle "GM"]
[WhiteElo "2082"]
[BlackElo "2555"]
[WhiteFideId "32065752"]
[BlackFideId "4657101"]
[EventDate "2016.12.09"]

1. e4 e6 2. d4 d5 3. Bd3 dxe4 4. Bxe4 Nf6 5. Bf3 c5 6. Ne2 Nc6 7. Be3 cxd4 8.
Nxd4 Ne5 9. O-O Be7 10. Nc3 O-O 11. Qe2 a6 12. a4 Qc7 13. Bf4 Nxf3+ 14. Qxf3 Qb6
15. Rfd1 Qb4 16. h3 Bd7 17. a5 Rac8 18. Ra3 Rfd8 19. Rb3 Qxa5 20. Rxb7 Bf8 21.
Nb3 Qf5 22. Nd4 Qc5 23. Nb3 Qc6 24. Qxc6 Bxc6 25. Rxd8 Bxb7 26. Rxc8 Bxc8 27.
Kf1 Nd7 28. Na4 f5 29. Ke2 Kf7 30. Kd3 Bb7 31. g3 h6 32. c4 Be4+ 0-1

[Event "London Classic Open 2016"]
[Site "London ENG"]
[Date "2016.12.09"]
[Round "1.21"]
[White "Libiszewski, Fabien"]
[Black "Sun, Xinyue"]
[Result "1/2-1/2"]
[WhiteTitle "GM"]
[WhiteElo "2547"]
[BlackElo "2082"]
[WhiteFideId "616834"]
[BlackFideId "8600813"]
[EventDate "2016.12.09"]

1. e4 c5 2. Nf3 d6 3. Bc4 e6 4. O-O a6 5. Re1 b5 6. Bf1 Bb7 7. c4 bxc4 8. Bxc4
Nd7 9. d4 cxd4 10. Nxd4 Ngf6 11. Nc3 Rc8 12. Qe2 Nc5 13. b4 Ncd7 14. Bb2 Qb6 15.
Nxe6 Ne5 16. Nxf8 Rxc4 17. Nd5 Bxd5 18. exd5 Re4 19. Qc2 Rxe1+ 20. Rxe1 Rxf8 21.
a3 Kd8 22. Rd1 Re8 23. Bd4 Qb7 24. f4 Ned7 25. g3 Re4 26. Qc6 Qxc6 27. dxc6 Nb8
28. Bb6+ Kc8 29. Rxd6 Re8 30. c7 Nbd7 31. Ba5 Re6 32. Rd3 Ne8 33. f5 Rc6 34. Re3
Nxc7 35. Re7 Rf6 36. g4 Kd8 37. Re4 Kc8 38. Re7 g6 39. fxg6 hxg6 40. Kg2 Nd5 41.
Re8+ Kb7 42. h4 N7b6 43. Kg3 Nc4 44. Bd8 Rd6 45. h5 gxh5 46. gxh5 Nf6 47. Bxf6
Rxf6 48. a4 Nd6 49. Re1 Kc6 50. Kg4 Kd5 51. b5 axb5 52. axb5 Nxb5 53. Kg5 Rf2
54. Rd1+ Ke5 55. Re1+ Kd4 56. Rd1+ Ke3 57. Re1+ Kd2 58. Re7 Nd4 59. h6 Ne6+ 60.
Kg4 Rg2+ 61. Kf5 Rf2+ 62. Kg4 Nf8 63. Re8 Ng6 64. Kg5 Kd3 65. Rg8 Ke4 66. h7 Rh2
67. Rxg6 Rxh7 68. Rf6 Ke5 69. Rf5+ Ke6 70. Rf6+ Ke5 71. Rf5+ Ke6 72. Rf6+ Ke7
73. Ra6 Rg7+ 74. Kf5 Rg1 75. Ra7+ Kf8 76. Kf6 Rf1+ 77. Kg5 Kg7 78. Rb7 Rc1 79.
Ra7 Rc5+ 80. Kf4 Kg6 81. Ra6+ f6 82. Ra8 Rc4+ 83. Kf3 Rb4 84. Ra3 Kg5 85. Rc3 f5
86. Ra3 Rh4 87. Kg3 f4+ 88. Kg2 Kg4 89. Rb3 Rh6 90. Ra3 Rb6 91. Kf2 Rb2+ 92. Kf1
f3 93. Ra8 Rb4 94. Rg8+ Kf4 95. Rf8+ Ke3 96. Re8+ Kd3 97. Kf2 1/2-1/2

[Event "London Classic Open 2016"]
[Site "London ENG"]
[Date "2016.12.09"]
[Round "1.22"]
[White "Heuser, Philip"]
[Black "Sadzikowski, Daniel"]
[Result "0-1"]
[BlackTitle "IM"]
[WhiteElo "2081"]
[BlackElo "2547"]
[WhiteFideId "4654358"]
[BlackFideId "1132253"]
[EventDate "2016.12.09"]

1. d4 Nf6 2. c4 e6 3. Nc3 Bb4 4. f3 c5 5. d5 O-O 6. e4 d6 7. Bd3 Bxc3+ 8. bxc3
Nbd7 9. Ne2 Ne5 10. O-O b6 11. f4 Nxd3 12. Qxd3 Ba6 13. Ng3 Re8 14. f5 exd5 15.
exd5 h6 16. Bf4 Qd7 17. a4 Rad8 18. Rfb1 Rb8 19. h3 Qc7 20. Kh2 Rbd8 21. Rb2 Re7
22. a5 bxa5 23. Rba2 Ra8 24. Rxa5 Bc8 25. Qf3 Qd8 26. Nh5 Rd7 27. Nxf6+ Qxf6 28.
g4 Kh7 29. Qg3 Rb8 30. Rxa7 Rb2+ 31. Kg1 Rc2 32. Rxd7 Rxc3 33. Qf2 Bxd7 34. Ra6
Rxc4 35. Rxd6 Qa1+ 36. Kg2 Ba4 37. Kg3 Rc2 38. Qf3 Qe1+ 0-1

[Event "London Classic Open 2016"]
[Site "London ENG"]
[Date "2016.12.09"]
[Round "1.23"]
[White "Schroeder, Jan-Christian"]
[Black "Korning, Peter"]
[Result "1-0"]
[WhiteTitle "GM"]
[WhiteElo "2541"]
[BlackElo "2081"]
[WhiteFideId "24662259"]
[BlackFideId "1723332"]
[EventDate "2016.12.09"]

1. e4 e5 2. Nf3 Nc6 3. Bb5 a6 4. Ba4 Nf6 5. d3 d6 6. c3 Be7 7. Nbd2 O-O 8. O-O
b5 9. Bc2 d5 10. Re1 dxe4 11. dxe4 Bg4 12. h3 Bh5 13. Qe2 Bc5 14. b4 Ba7 15. a4
Qe8 16. Nf1 Nb8 17. Ng3 c6 18. Nxh5 Nxh5 19. axb5 cxb5 20. Nh4 Nf6 21. Nf5 Nbd7
22. Qf3 Kh8 23. Bb3 Bb8 24. Bg5 Ng8 25. Bd5 Ra7 26. Be3 Rc7 27. Nd6 Qd8 28.
Nxf7+ Rxf7 29. Bxf7 1-0

[Event "London Classic Open 2016"]
[Site "London ENG"]
[Date "2016.12.09"]
[Round "1.24"]
[White "Vardan, Nagpal"]
[Black "Ehlvest, Jaan"]
[Result "0-1"]
[BlackTitle "GM"]
[WhiteElo "2079"]
[BlackElo "2532"]
[WhiteFideId "25089544"]
[BlackFideId "4500016"]
[EventDate "2016.12.09"]

1. Nf3 d6 2. c4 e5 3. Nc3 Nd7 4. g3 c6 5. Bg2 Be7 6. O-O Ngf6 7. d3 O-O 8. e4 a6
9. a4 a5 10. h3 Nc5 11. Qc2 Na6 12. Be3 Nd7 13. Rad1 Re8 14. Ne1 Nb4 15. Qb1 Nf8
16. b3 Bg5 17. f4 Bh6 18. Nc2 exf4 19. gxf4 f5 20. Nxb4 axb4 21. Ne2 Ng6 22. Qb2
Qh4 23. Bf2 Qe7 24. Bg3 Nh4 25. e5 dxe5 26. fxe5 Be3+ 27. Kh2 Nxg2 28. Kxg2 g5
29. d4 f4 30. Bf2 Bxh3+ 31. Kxh3 Qd7+ 32. Kg2 Qg4+ 33. Bg3 fxg3 34. Rf3 Rf8 35.
Rdf1 Bf2 36. Ng1 Qh4 37. R1xf2 Qh2+ 38. Kf1 Rxf3 39. Nxf3 Qh1+ 40. Ke2 gxf2 0-1

[Event "London Classic Open 2016"]
[Site "London ENG"]
[Date "2016.12.09"]
[Round "1.25"]
[White "Karthikeyan, Murali"]
[Black "Waddington, Mike P"]
[Result "1-0"]
[WhiteTitle "GM"]
[BlackTitle "FM"]
[WhiteElo "2530"]
[BlackElo "2078"]
[WhiteFideId "5074452"]
[BlackFideId "410497"]
[EventDate "2016.12.09"]

1. e4 e5 2. Nf3 Nc6 3. Bb5 Nf6 4. d3 Bc5 5. c3 d6 6. d4 exd4 7. cxd4 Bb4+ 8. Bd2
Bxd2+ 9. Nbxd2 O-O 10. Bxc6 bxc6 11. O-O a5 12. Rc1 Bd7 13. Re1 Qb8 14. Qc2 Re8
15. e5 Nd5 16. Ng5 g6 17. Nc4 Bf5 18. Qd2 Qb4 19. Qd1 Rad8 20. a3 Qb5 21. exd6
f6 22. Nf3 Rxe1+ 23. Qxe1 cxd6 24. Qxa5 Qb8 25. Qd2 Qb5 26. h3 Nb6 27. Qa5 Qxa5
28. Nxa5 c5 29. Nb7 Rd7 30. dxc5 dxc5 31. Nxc5 Rc7 32. Nd4 Bc8 33. b4 Kf7 34.
Nb5 Rc6 35. Rd1 Nc4 36. Rd4 Nb6 37. a4 Be6 38. a5 Nd5 39. a6 Nb6 40. a7 1-0